000
00262nam a2200109Ia 4500
005
20251222155044.0
008
251222s9999||||xx |||||||||||||| ||spa||
082
_a
ETI. 09
100
_a
VARGA, Andrew.
245
0
_a
BioEtica - Principales Problemas
942
_c
LIB
999
_c
37026
_d
37026